[Event "FRA-ch op-C"]
[Site "Caen"]
[Date "2011.08.24"]
[Round "8"]
[White "Conchon, Jean Paul"]
[Black "Viot, Gabriel"]
[Result "0-1"]
[WhiteElo "1744"]
[BlackElo "1658"]
[PlyCount "75"]
[EventDate "2011.08.16"]
[EventType "swiss"]
[EventRounds "11"]
[EventCountry "FRA"]
[SourceTitle "EXT 2012"]
[Source "ChessBase"]
[SourceDate "2011.11.24"]
[SourceVersion "1"]
[SourceVersionDate "2011.11.24"]
[SourceQuality "1"]

1. e4 c5 2. d4 cxd4 3. c3 dxc3 4. Nxc3 Nc6 5. Nf3 e6 6. Bc4 Nge7 7. 0-0 Ng6 8. Qe2 Be7 9. Rd1 a6 10. Be3 0-0 11. Rac1 b5 12. Bb3 Na5 13. e5 Nxb3 14. axb3 Bb7 15. Bd4 Nf4 16. Qe3 Nd5 17. Nxd5 Bxd5 18. Bb6 Qb8 19. Bc7 Qb7 20. Ne1 Rfc8 21. Bd6 Bxd6 22. exd6 Rc6 23. Rxc6 dxc6 24. Nd3 Qd7 25. Qg3 Rd8 26. Qg5 Qxd6 27. Nf4 Qf8 28. Nh5 f6 29. Qh4 Bxb3 30. Rxd8 Qxd8 31. Qg4 Qd1+ 32. Qxd1 Bxd1 33. Nf4 Kf7 34. b4 c5 35. bxc5 b4 36. c6 Ke7 37. Nxe6 Kxe6 38. c7 0-1

[Event "FRA-ch op-C"]
[Site "Aix les Bains"]
[Date "2007.08.24"]
[Round "10"]
[White "Conchon, Jean Paul"]
[Black "Fahys, Bertrand"]
[Result "1-0"]
[WhiteElo "1776"]
[BlackElo "1740"]
[PlyCount "93"]
[EventDate "2007.08.13"]
[EventType "swiss"]
[EventRounds "11"]
[EventCountry "FRA"]
[SourceTitle "CBM 120 Extra"]
[Source "ChessBase"]
[SourceDate "2007.11.01"]
[SourceVersion "1"]
[SourceVersionDate "2007.11.01"]
[SourceQuality "1"]

1. e4 d5 2. exd5 Nf6 3. Nf3 Nxd5 4. d4 g6 5. Bc4 c6 6. 0-0 Bg7 7. c3 0-0 8. Re1 b5 9. Bb3 Nb6 10. Bg5 Bf6 11. Bxf6 exf6 12. Qe2 Bd7 13. Qd2 Bg4 14. Qf4 Bxf3 15. Qxf3 f5 16. Nd2 Re8 17. Re3 Rxe3 18. Qxe3 N8d7 19. Re1 Nf6 20. Nf3 Qd6 21. Qh6 Nbd5 22. Ng5 Qf8 23. Qxf8+ Rxf8 24. g3 Kg7 25. Nf3 Ne4 26. Bxd5 cxd5 27. Nh4 Nd2 28. Kg2 Nc4 29. b3 Nb6 30. Nf3 Rc8 31. Re3 a5 32. Nd2 Kf6 33. Nb1 a4 34. Na3 axb3 35. axb3 b4 36. cxb4 Nd7 37. b5 Ra8 38. Nc2 Rb8 39. Na3 Ra8 40. b4 Nb6 41. Rc3 Nc4 42. Nxc4 Rc8 43. Rc2 Rxc4 44. Rxc4 dxc4 45. Kf3 Ke6 46. Ke3 Kd6 47. Kd2 1-0

[Event "Rhone op"]
[Site "Marcy Etoile"]
[Date "2007.04.01"]
[Round "1"]
[White "Conchon, Jean Paul"]
[Black "Bjarnason, Oskar"]
[Result "0-1"]
[WhiteElo "1797"]
[BlackElo "2225"]
[PlyCount "69"]
[EventDate "2007.04.01"]
[EventType "swiss"]
[EventRounds "9"]
[EventCountry "FRA"]
[SourceTitle "CBM 117 Extra"]
[Source "ChessBase"]
[SourceDate "2007.05.09"]
[SourceVersion "1"]
[SourceVersionDate "2007.05.09"]
[SourceQuality "1"]

1. e4 d5 2. exd5 Qxd5 3. Nc3 Qa5 4. Nf3 Nf6 5. d3 g6 6. Bd2 Bg7 7. Be2 0-0 8. 0-0 c5 9. Ne4 Qc7 10. Nxf6+ Bxf6 11. Bc3 Bxc3 12. bxc3 Nc6 13. Qd2 Kg7 14. Rfe1 b6 15. d4 Bb7 16. Bd3 Rac8 17. d5 Nd8 18. c4 Qd6 19. Ng5 e5 20. f4 exf4 21. Ne4 Qe5 22. Nc3 Qd4+ 23. Kh1 f3 24. Re4 Qf6 25. g3 Rc7 26. Rf4 Qg5 27. Ne4 Qe5 28. Rf1 b5 29. Rh4 h5 30. g4 bxc4 31. Rxh5 gxh5 32. gxh5 f2 33. Rxf2 Rh8 34. h6+ Kf8 35. Qc3 0-1

[Event "Le Touquet op 20th"]
[Site "Le Touquet"]
[Date "2005.10.26"]
[Round "5"]
[White "Conchon, Jean Paul"]
[Black "Riquier, Laurent"]
[Result "0-1"]
[WhiteElo "1830"]
[BlackElo "2045"]
[PlyCount "47"]
[EventDate "2005.10.23"]
[EventType "swiss"]
[EventRounds "9"]
[EventCountry "FRA"]
[SourceTitle "EXT 2006"]
[Source "ChessBase"]
[SourceDate "2005.11.24"]
[SourceVersion "1"]
[SourceVersionDate "2005.11.24"]
[SourceQuality "1"]

1. e4 d5 2. exd5 Nf6 3. Nf3 Nxd5 4. Be2 Nc6 5. d4 Bf5 6. 0-0 e6 7. c3 Bd6 8. Nbd2 0-0 9. Nc4 Bf4 10. g3 Bxc1 11. Rxc1 Nce7 12. Re1 Nf6 13. Ncd2 b5 14. Nh4 Bh3 15. Bf1 Bxf1 16. Nxf1 Qd5 17. a3 Rfd8 18. Ne3 Qb7 19. Qe2 a5 20. Red1 b4 21. cxb4 axb4 22. f3 Ned5 23. Nxd5 Nxd5 24. Qf2 0-1